Perth Airport Destinations (Perth, Australia) - Statistics

General Stats
  • This quiz has been taken 232 times
    45 since last reset
  • The average score is 33 of 89
Answer Stats
Airline Destination % Correct
Air New Zealand/Qantas Auckland
97%
Emirates Dubai (International)
97%
AirAsia/Batik Air Malaysia/Malaysia Airlines Kuala Lumpur (International)
97%
Jetstar/Qantas/Virgin Australia Melbourne
97%
Jetstar/Qantas/Scoot/Singapore Airlines Singapore
97%
Jetstar/Qantas/Virgin Australia Sydney
97%
Jetstar/Qantas/Virgin Australia/Virgin Australia Regional Airlines Adelaide
95%
Jetstar/Thai Airways International Bangkok (Suvarnabhumi)
95%
Jetstar/Qantas/Virgin Australia Brisbane
95%
Airnorth/Qantas/QantasLink/Virgin Australia/Virgin Australia Regional Airlines Darwin
95%
Batik Air/Citilink/Indonesia AirAsia Jakarta (Soekarno-Hatta)
95%
All Nippon Airways Tokyo (Narita)
95%
Qatar Airways/Virgin Australia Doha
92%
VietJet Air/Vietnam Airlines Ho Chi Minh City
92%
Cathay Pacific Hong Kong
92%
Qantas London (Heathrow)
89%
Qantas/South African Airways Johannesburg (O.R.Tambo)
86%
Batik Air/Batik Air Malaysia/Indonesia AirAsia/Jetstar/TransNusa Denpasar
84%
Qantas/QantasLink/Virgin Australia/Virgin Australia Regional Airlines Hobart
84%
Airnorth/Jetstar/Virgin Australia Cairns
81%
Qantas Canberra
78%
Jetstar/Philippine Airlines Manila
78%
China Eastern Airlines Shanghai (Pudong)
78%
China Southern Airlines Guangzhou
76%
Jetstar/Qantas Gold Coast
73%
Air Mauritius Mauritius
70%
Airnorth/Qantas Alice Springs
68%
Qantas Paris (Charles de Gaulle)
65%
Jetstar Phuket
57%
Nexus Airlines/Qantas/QantasLink/Virgin Australia/Virgin Australia Regional Airlines Broome
51%
QantasLink Newcastle
51%
Qantas Rome (Fiumicino)
51%
QantasLink Exmouth
43%
Alliance Airlines/Qantas/QantasLink/Virgin Australia/Virgin Australia Regional Airlines Port Hedland
43%
Rex Airlines Albany
41%
Virgin Australia Launceston
41%
Alliance Airlines/QantasLink Christmas Island
38%
Alliance Airlines/Nexus Airlines/Qantas/QantasLink/Virgin Australia/Virgin Australia Regional Airlines Kalgoorlie
38%
Rex Airlines Esperance
32%
Alliance Airlines/Qantas/QantasLink/Virgin Australia/Virgin Australia Regional Airlines Karratha
30%
Nexus Airlines/QantasLink Geraldton
27%
Rex Airlines Carnarvon
24%
Virgin Australia Regional Airlines Busselton
22%
QantasLink/Virgin Australia Regional Airlines Cocos (Keeling) Islands
22%
Airnorth/Virgin Australia/Virgin Australia Regional Airlines Kununurra
22%
Alliance Airlines/National Jet Express/QantasLink/Virgin Australia Newman
19%
Rex Airlines Monkey Mia
16%
Alliance Airlines/QantasLink Paraburdoo
16%
Alliance Airlines/National Jet Express/Skippers Aviation Leonora
11%
QantasLink/Virgin Australia Regional Airlines Onslow
11%
Skippers Aviation Wiluna
11%
Alliance Airlines/Virgin Australia Regional Airlines Barimunya
8%
National Jet Express/Skippers Aviation Meekatharra
8%
Maroomba Airlines/Skippers Aviation Mount Magnet
8%
National Jet Express/Virgin Australia Regional Airlines Barrow Island
5%
Virgin Australia Regional Airlines Boolgeeda
5%
Alliance Airlines/Qantas/QantasLink Christmas Creek
5%
Qantas/QantasLink Cloudbreak
5%
Alliance Airlines/Virgin Australia Regional Airlines Coondewanna
5%
National Jet Express/Skippers Aviation Laverton
5%
Virgin Australia Regional Airlines West Angelas
5%
Virgin Australia Regional Airlines Argyle
3%
Alliance Airlines Cape Preston
3%
QantasLink Carosue Dam
3%
National Jet Express Cue
3%
QantasLink Eliwana
3%
Qantas/QantasLink Ginbata
3%
QantasLink Iron Bridge
3%
National Jet Express/Skippers Aviation Jundee
3%
Skippers Aviation Kalbarri
3%
QantasLink Koolan Island
3%
National Jet Express Murrin Murrin
3%
Qantas/QantasLink Solomon
3%
Skippers Aviation Sunrise Dam
3%
Alliance Airlines Telfer
3%
Alliance Airlines The Granites
3%
National Jet Express Tropicana
3%
QantasLink Wodgina
3%
Skippers Aviation Burnakura
0%
Maroomba Airlines Dalgaranga
0%
Skippers Aviation Darlot-Centenary
0%
Maroomba Airlines Golden Cove
0%
National Jet Express Karara
0%
Skippers Aviation Lawlers
0%
Alliance Airlines/National Jet Express/Skippers Aviation Leinster
0%
Alliance Airlines/National Jet Express Mount Keith
0%
National Jet Express Nova
0%
National Jet Express/Skippers Aviation Plutonic
0%
Virgin Australia Regional Airlines Woodie Woodie
0%
No matching quizzes found
Score Distribution
Percent of People with Each Score
Percentile by Number Answered
Your Score History
You have not taken this quiz since the last reset